Selecciones de dogmática penal latinoamericana. Presente y futuro

Enregistré dans:
Détails bibliographiques
Autres auteurs: Cornejo Aguiar, José Sebastián (Directeur), Guevara Vásquez, Iván Pedro (Directeur), Piva Torres, Gianni Egidio (coordinador)
Format: Inconnue
Langue:anglais
Publié: Santiago, Chile. Metropolitana, 2021
Sujets:
Tags: Ajouter un tag
Pas de tags, Soyez le premier à ajouter un tag!

MARC

LEADER 00000 a2200000 4500
003 CL-VaPUC
005 20211130120256.0
008 211102b2021 ||||| |||| 00| 0 eng d
999 |c 433795  |d 433793 
020 |a 9789562863049 
040 |c Pontificia Universidad Católica de Valparaíso 
082 |a 345.8 COR 2021 
100 1 |a Cornejo Aguiar, José Sebastián  |9 863832  |e director 
245 1 |a Selecciones de dogmática penal latinoamericana.  |b Presente y futuro 
260 |a Santiago, Chile.  |b Metropolitana,  |c 2021 
300 |a 442 páginas  
583 |k Cristina María Rojas Aguilar  |c 20211102 
650 |a Derecho penal   |z Latinoamérica  |9 864736 
700 |a Guevara Vásquez, Iván Pedro  |e director  |9 864058 
700 |a Piva Torres, Gianni Egidio  |e coordinador  |9 864059 
942 |2 ddc  |c BK 
952 |0 0  |1 0  |2 ddc  |4 0  |6 345_800000000000000_COR_2021  |7 0  |8 A  |9 579120  |a BIBDER  |b BIBDER  |d 2021-11-02  |e 22  |g 38100.00  |i 5624878  |o 345.8 COR 2021  |p 5624878  |r 2023-01-25  |t 1  |v 38100.00  |w 2021-11-02  |y BK  |k DER